|
|
|
|
| LEADER |
01860nam a2200397 a 4500 |
| 001 |
35979 |
| 003 |
BD-DhAAL |
| 005 |
20250119144557.0 |
| 008 |
191211t2002 bg b 001 0 eng d |
| 010 |
|
|
|a 2002291422
|
| 020 |
|
|
|a 9840515985
|
| 025 |
|
|
|a B-E-2001-291422; 22
|
| 035 |
|
|
|a (DLC) 2002291422
|
| 037 |
|
|
|b Library of Congress -- New Delhi Overseas Office
|c Tk260.00
|
| 040 |
|
|
|a DLC
|c DLC
|d DLC
|d BD-DhAAL
|
| 042 |
|
|
|a lcode
|
| 043 |
|
|
|a a-ii---
|a a-bg---
|
| 050 |
0 |
0 |
|a HC437.W44
|b A45 2002
|
| 082 |
0 |
0 |
|a 339.46095414
|2 22
|
| 100 |
1 |
|
|a Amin, R.
|q (Ruhul),
|d 1938-
|9 38245
|
| 245 |
1 |
0 |
|a Giving voice to the poor :
|b poverty alleviation in West Bengal and Bangladesh /
|c Ruhul Amin, Maurice St. Pierre.
|
| 260 |
|
|
|a Dhaka :
|b University Press,
|c c2002.
|
| 300 |
|
|
|a xvi, 125 pages ;
|c 22 cm.
|
| 504 |
|
|
|a Includes bibliographical references (pages [115]-121) and index.
|
| 526 |
|
|
|a BIED
|x Syed M. Hashemi
Director, BDI.
Course name and no. N/A
|
| 541 |
|
|
|a Complimentary copy from BIED
|e 35979, 18218
|
| 650 |
|
0 |
|a Poor
|z India
|z West Bengal.
|9 38246
|
| 650 |
|
0 |
|a Poor
|z Bangladesh.
|9 38247
|
| 650 |
|
0 |
|a Rural development
|z India
|z West Bengal.
|9 38248
|
| 650 |
|
0 |
|a Rural development
|z Bangladesh.
|9 38249
|
| 700 |
1 |
|
|a St. Pierre, Maurice.
|9 38250
|
| 852 |
|
|
|a Ayesha Abed Library
|c BIED Collection
|
| 942 |
|
|
|2 ddc
|c BK
|
| 999 |
|
|
|c 42036
|d 42036
|
| 952 |
|
|
|0 0
|1 0
|2 ddc
|4 0
|6 339_460954140000000_AMI
|7 0
|9 67429
|a BRACUL
|b BRACUL
|c GEN
|d 2019-12-11
|e Complimentary copy from BIED
|l 0
|o 339.46095414 AMI
|p 3010035979
|r 2019-12-11
|t 1
|w 2019-12-11
|y BK
|x Transferred from BIED to General Stacks
|
| 952 |
|
|
|0 0
|1 0
|2 ddc
|4 0
|6 339_460954140000000_AMI
|7 0
|9 73755
|a BIGD
|b BIGD
|c GEN
|d 2019-12-11
|g 260.00
|l 0
|o 339.46095414 AMI
|p 3050018218
|r 2023-06-08
|t 2
|v 260.00
|w 2023-06-08
|y BK
|x Transfer from BDI to BIGD. Requisitioned by Syed M. Hashemi Director, BDI. Course name and no. N/A
|